Buffy the Vampire Slayer: Main Cast - Statistics

General Stats
  • This quiz has been taken 216 times
  • The average score is 22 of 28
Answer Stats
Actor Character % Correct
David Boreanaz Angel
100%
Sarah Michelle Gellar Buffy
100%
Anthony Stewart Head Giles
99%
Alyson Hannigan Willow
99%
James Marsters Spike
98%
Nicholas Brendon Xander
98%
Seth Green Oz
97%
Emma Caulfield Anya
96%
Charisma Carpenter Cordelia
96%
Michelle Trachtenberg Dawn
95%
Eliza Dushku Faith
92%
Amber Benson Tara
92%
Juliet Landau Drusilla
91%
Kristine Sutherland Joyce
87%
Marc Blucas Riley
86%
Alexis Denisof Wesley
78%
Julie Benz Darla
75%
Merceds McNab Harmony
75%
Bianca Lawson Kendra
69%
Adam Busch Warren
66%
Tom Lenk Andrew
65%
Clare Kramer Glory
64%
Danny Strong Jonathan
64%
Mark Metcalfe The Master
64%
Robia Scott Jenny
57%
Armin Shimmerman Snyder
54%
George Hertzberg Adam
49%
Eric Balfour Jesse
40%
No matching quizzes found
Score Distribution
Percent of People with Each Score
Percentile by Number Answered
Your Score History
You have not taken this quiz